La frontera de los olvidados / (Record no. 197872)

MARC details
000 -LEADER
campo de control de longitud fija 01425nam a2200397 i 4500
001 - NÚMERO DE CONTROL
campo de control 197872
003 - IDENTIFICADOR DE NÚMERO DE CONTROL
campo de control ES-MaACL
005 - FECHA Y HORA DE LA ÚLTIMA TRANSACCIÓN
campo de control 20251218063016.0
007 - CAMPO FIJO DE DESCRIPCIÓN FÍSICA--INFORMACIÓN GENERAL
campo de control de longitud fija ta
008 - DATOS DE LONGITUD FIJA--INFORMACIÓN GENERAL
campo de control de longitud fija 251015b2025 sp ||||| |||| 00| 0 spa d
017 ## - NÚMERO DE COPYRIGHT O DE DEPÓSITO LEGAL
Número de copyright o de depósito legal M 14539-2025
020 ## - NÚMERO INTERNACIONAL ESTÁNDAR DEL LIBRO
Número Internacional Estándar del Libro 978-84-10182-24-0
040 ## - FUENTE DE CATALOGACIÓN
Lengua de catalogación spa
Centro/agencia transcriptor ES-MaACL
Centro catalogador/agencia de origen ES-MaACL
Normas de descripción rda
080 ## - NÚMERO DE LA CLASIFICACIÓN DECIMAL UNIVERSAL
Número de la Clasificación Decimal Universal 821.222.1-31"20"
100 1# - ENTRADA PRINCIPAL--NOMBRE DE PERSONA
Nombre de persona Ataei, Aliyeh
9 (RLIN) 242387
Término indicativo de función/relación Autor
240 1# - TÍTULO UNIFORME
9 (RLIN) 242624
Título uniforme Koorsorkhi.
Lenguaje de la obra Español
245 13 - MENCIÓN DEL TÍTULO
Título La frontera de los olvidados /
Mención de responsabilidad, etc. Aliyeh Ataei ; traducción, Javier Hernández Díaz ; prólogo, Atiq Rahimi
250 ## - MENCION DE EDICION
Mención de edición Primera edición, octubre 2025
264 #1 - PRODUCCIÓN, PUBLICACIÓN, DISTRIBUCIÓN, FABRICACIÓN Y COPYRIGHT
Producción, publicación, distribución, fabricación y copyright [Madrid] :
Nombre del de productor, editor, distribuidor, fabricante De Conatus,
Fecha de producción, publicación, distribución, fabricación o copyright 2025
300 ## - DESCRIPCIÓN FÍSICA
Extensión 147 páginas ;
Dimensiones 21 cm
336 ## - TIPO DE CONTENIDO
Fuente rdacontent
Término de tipo de contenido texto
337 ## - TIPO DE MEDIO
Fuente rdamedia
Nombre/término del tipo de medio sin mediación
338 ## - TIPO DE SOPORTE
Fuente rdacarrier
Nombre/término del tipo de soporte volumen
490 0# - MENCIÓN DE SERIE
Mención de serie Colección ¿qué nos contamos hoy?
Nombre de parte o sección de la obra Narrativa
500 ## - NOTA GENERAL
Nota general Ejemplar firmado y dedicado por el autor
500 ## - NOTA GENERAL
Nota general Título original: Koorsorkhi
500 ## - NOTA GENERAL
Nota general Índice
655 #4 - TERMINO DE INDIZACIÓN--GENERO/FORMA
9 (RLIN) 234402
Datos o término principal de género/forma Novelas sociales
700 1# - ENTRADA AGREGADA--NOMBRE PERSONAL
9 (RLIN) 242626
Nombre de persona Hernández Díaz, Javier
Término indicativo de función/relación Traductor
852 ## - LOCALIZACIÓN
Ubicación ES-MaCL
Ubicación en estantería Depósito 1
Número de control de estantería A-15876
Encuadernación Encuadernación rústica con solapas
itemnumber 206999
942 ## - ELEMENTOS DE ENTRADA SECUNDARIOS (KOHA)
Tipo de ítem Koha Libro impreso
Suprimir en OPAC No
Holdings
Estatus retirado Estado de pérdida Fuente del sistema de clasificación o colocación Estado de daño No para préstamo Colección Biblioteca de origen Biblioteca actual Ubicación en estantería Fecha de adquisición Fuente de adquisición Total de préstamos Signatura topográfica completa Código de barras Visto por última vez Precio de reemplazo Tipo de ítem Koha Nota pública
    Clasificación decimal universal     Libros con dedicatorias Biblioteca del Ateneo de Madrid Biblioteca del Ateneo de Madrid Depósito 1 27/10/2025 Donación   A-15876 2025-1364 16/12/2025 16/12/2025 Libro impreso Dedicatoria autógrafa del traductor